000 00380nam a2200169Ia 4500
008 230524s9999 xx 000 0 und d
082 _a621.321
_bDEN
100 _aN.K.De
245 0 _aElectric Drives
250 _a1ST
260 _aNEW DELHI
_bPHI
_c2006
300 _aVII;301
500 _aQuantity Number: 2
650 _aElectrical
700 _a P.K.Sen
942 _cBK
999 _c36036
_d36036